000 01296cam a2200373 a 4500
005 20260322212026.0
008 data
010 _a 88004706
020 _a0316083011 (Little Brown : lib. bdg.) :
_c{dollar}14.95
020 _a9780316083010 (Little Brown : lib. bdg.) :
_c{dollar}14.95
040 _aDLC
_cDLC
_dDLC
042 _alcac
050 0 0 _aQK495.C11
_bB32 1989
082 0 0 _a583/.47
_219
092 _a583.47 B32 1989
100 1 _aBash, Barbara.
245 1 0 _aDesert giant :
_bthe world of the saguaro cactus /
_cBarbara Bash.
250 _a1st ed.
260 _aBoston :
_bLittle, Brown,
_aBoston :
_bLittle, Brown,
_cc1989.
300 _a[32] p. :
_bcol. ill. ;
_c29 cm.
490 1 _aTree tales
520 _aDocuments the life cycle and ecosystem of the giant saguaro cactus and the desert animals it helps to support.
650 0 _aSaguaro
_xJuvenile literature.
650 0 _aSaguaro
_xJuvenile literature.
_xJuvenile literature.
650 0 _aDesert ecology
_xJuvenile literature.
650 1 _aSaguaro.
650 1 _aCactus.
650 1 _aDesert ecology.
650 1 _aEcology.
800 1 _aBash, Barbara.
_tTree tales.
906 _a7
_bcbc
_corignew
_d1
_eocip
_f19
_gy-gencatlg
991 _bc-GenColl
_hQK495.C11
_iB32 1989
_p00005644483
_tCopy 1
_wBOOKS
001 data
999 _c594
_d594